Quantum entropy and its use /

Bibliographic Details
Main Author: Ohya, Masanori, 1947-
Other Authors: Petz, Dénes, 1953-
Format: Book
Language:English
Published: Berlin ; New York : Springer, 2004.
Edition:Corr. 2nd print.
Series:Texts and monographs in physics.
Subjects:

MARC

Tag First Indicator Second Indicator Subfields
LEADER 00000pam a22000004a 4500
001 in00002002321
005 20151031142450.0
008 040203s2004 gw a b 001 0 eng
010 |a  2004042924 
020 |a 3540208062 (softcover : alk. paper) 
035 |a (OCoLC)ocm54487728 
040 |a DLC  |c DLC  |d UtOrBLW 
042 |a pcc 
049 |a TXAM 
050 0 0 |a QC174.85.Q83  |b O36 2004 
082 0 0 |a 530.13/3  |2 22 
100 1 |a Ohya, Masanori,  |d 1947- 
245 1 0 |a Quantum entropy and its use /  |c Masanori Ohya, Dénes Petz. 
250 |a Corr. 2nd print. 
264 1 |a Berlin ;  |a New York :  |b Springer,  |c 2004. 
300 |a x, 347 pages :  |b illustrations ;  |c 24 cm. 
336 |a text  |b txt  |2 rdacontent 
337 |a unmediated  |b n  |2 rdamedia 
338 |a volume  |b nc  |2 rdacarrier 
490 1 |a Texts and monographs in physics,  |x 0172-5998 
504 |a Includes bibliographical references (pages [319]-341) and index. 
650 0 |a Quantum entropy. 
700 1 |a Petz, Dénes,  |d 1953- 
830 0 |a Texts and monographs in physics. 
948 |a cataloged  |b cmulkey  |c 2005/2/23  |d 12:32:21 pm 
994 |a C0  |b TXA 
999 |a MARS 
999 f f |s 2e77bcc7-b6d7-3596-8a14-3c9a907a775e  |i a21294de-ffb8-3aab-b98a-7cbf5ba02d64  |t 0 
952 f f |p normal  |a Texas A&M University  |b College Station  |c Sterling C. Evans Library  |d Evans: Library Stacks  |t 0  |e QC174.85.Q83 O36 2004  |h Library of Congress classification  |i unmediated -- volume  |m A14832291503 
998 f f |a QC174.85.Q83 O36 2004  |t 0  |l Evans: Library Stacks